Právne predpisy platné pre podnikateľov Platné v Slovenskej republike od 1.1.1993

Prehľad platných právnych predpisov pre podnikateľskú a manažérsku činnosť platných v Slovenskej republike od 1.1.1993. Prehľad slúži ako pomôcka pri orientácii v legislatíve.

Gespeichert in:
Bibliographische Detailangaben
Format: Buchkapitel
Sprache:Slowakisch
Schlagworte:
Tags: Tag hinzufügen
Keine Tags, Fügen Sie das erste Tag hinzu!

MARC

LEADER 00000naa a2200000 4500
001 r015662
005 20221213113220.6
041 0 |a slo 
044 |a SK 
245 1 0 |a Právne predpisy platné pre podnikateľov  |b Platné v Slovenskej republike od 1.1.1993 
520 |a Prehľad platných právnych predpisov pre podnikateľskú a manažérsku činnosť platných v Slovenskej republike od 1.1.1993. Prehľad slúži ako pomôcka pri orientácii v legislatíve. 
610 2 0 |a predpisy právne 
610 2 0 |a Slovensko 
610 2 0 |a 1993 
610 2 0 |a zákony 
610 2 0 |a vyhlášky